Language Quiz

Random Language or Letter Quiz

Three Letter 'L' Words Quiz Stats

 Plays Quiz Updated Sep 18, 2016

Challenge
Share
Tweet
Embed
Score 0/46 Timer 04:00
1 Play Today
Word % Correct
lad
97.3%
lap
96.9%
lab
96.8%
lag
96.5%
let
96.5%
law
96.1%
lat
96%
lam
95.8%
lit
94.8%
lay
94.8%
leg
94.7%
lip
94.7%
led
94.4%
las
93.4%
lot
93.4%
lac
93.3%
lid
92.9%
lar
92.2%
lax
92.2%
lop
91.8%
lie
91.6%
log
91.1%
lob
90.8%
Word % Correct
lav
90.8%
lea
90.3%
lib
90.3%
lee
90.1%
low
89.6%
lin
88.9%
lah
88.2%
lei
87.4%
lis
86.3%
lex
85.6%
ley
85.4%
lev
84.3%
lek
82.2%
lug
82.1%
leu
82%
loo
79.4%
lox
77.9%
lum
77.4%
lud
76.7%
lun
75.7%
lux
71.3%
luv
69.3%
lye
64.4%

You're not logged in!

Compare scores with friends on all Sporcle quizzes.
OR
Log In

You Might Also Like...

Show Comments

Extras

Top Quizzes Today


Score Distribution

Your Account Isn't Verified!

In order to create a playlist on Sporcle, you need to verify the email address you used during registration. Go to your Sporcle Settings to finish the process.

Report this User

Report this user for behavior that violates our Community Guidelines.

Details: